000
00281nam a2200121 a 4500
005
20141022142005.0
008
080922s19uu xx 00 eng d
050
_a
VCD
_b
G3 1999
245
_a
Gone with the wind.
650
_a
VCD.
650
_a
Gone with the wind.
942
_c
AVM
999
_c
276447
_d
276447